| 000 | 01092cam a22003491i 4500 | ||
|---|---|---|---|
| 001 | 200468092 | ||
| 003 | TR-AnTOB | ||
| 005 | 20260413173034.0 | ||
| 007 | ta | ||
| 008 | 260413s1962 xx 000 0 eng d | ||
| 010 | _a 62022299 | ||
| 035 | _a7502789 | ||
| 035 | _a(OCoLC)831977 | ||
| 040 |
_aDLC _beng _erda _cOKentU _dDLC _dTR-AnTOB |
||
| 041 | 0 | _aeng | |
| 050 | 0 | 0 |
_aPS2384.M62 _bG68 1962 |
| 090 |
_aPS2384.M62 _bG68 1962 TıpFaK |
||
| 100 | 1 |
_aGottschalk, Hans Walter _eauthor _9153623 |
|
| 245 | 1 | 0 |
_aHerman Melville's Moby Dick : _ba study guide / _cby Hans Gootschalk, edited by Walter Harding. |
| 264 | 1 |
_aBound Brook, N.J. : _bShelley Pub. Co., _c1962. |
|
| 264 | 4 | _c©1962 | |
| 300 |
_a96 pages : _billustration ; _c21 cm |
||
| 336 |
_atext _btxt _2rdacontent |
||
| 337 |
_aunmediated _bn _2rdamedia |
||
| 338 |
_avolume _bnc _2rdacarrier |
||
| 490 | 0 | _aShelley's study guides | |
| 504 | _aBIB | ||
| 600 | 1 | 0 |
_aMelville, Herman, _d1819-1891 _tMoby Dick. _942466 |
| 700 | 1 |
_aHarding, Walter, _d1917-1996 _eeditor _9153624 |
|
| 942 |
_2lcc _cBK |
||
| 999 |
_c200468092 _d86304 |
||